ARRUPE JESUIT UNIVERSITY

CORONAVIRUS -STOP THE SPREAD - CLEAN,DISINFECT,COVER

The tree of language, (Record no. 129464)

MARC details
000 -LEADER
fixed length control field 00793cam a22002411 4500
001 - CONTROL NUMBER
control field 1693167
003 - CONTROL NUMBER IDENTIFIER
control field ARRUPE
005 - DATE AND TIME OF LATEST TRANSACTION
control field 20190425123549.0
008 - FIXED-LENGTH DATA ELEMENTS--GENERAL INFORMATION
fixed length control field 730213s1957 ohua 000 0 eng
010 ## - LIBRARY OF CONGRESS CONTROL NUMBER
LC control number 56009259
040 ## - CATALOGING SOURCE
Original cataloging agency DLC
Transcribing agency DLC
Modifying agency DLC
050 00 - LIBRARY OF CONGRESS CALL NUMBER
Classification number PE1585
Item number .L3
082 00 - DEWEY DECIMAL CLASSIFICATION NUMBER
Classification number 420
300 ## - PHYSICAL DESCRIPTION
Other physical details illus.
Dimensions 22 cm.
100 1# - MAIN ENTRY--PERSONAL NAME
Personal name Laird, Helene,
Dates associated with a name 1905-
9 (RLIN) 45994
245 14 - TITLE STATEMENT
Title The tree of language,
Statement of responsibility, etc by Helene and Charlton Laird. Illustrated by Ervine Metzl.
250 ## - EDITION STATEMENT
Edition statement [1st ed.]
260 ## - PUBLICATION, DISTRIBUTION, ETC. (IMPRINT)
Place of publication, distribution, etc Cleveland,
Name of publisher, distributor, etc World Pub. Co.
Date of publication, distribution, etc [1957]
300 ## - PHYSICAL DESCRIPTION
Extent 233 p.
650 #0 - SUBJECT ADDED ENTRY--TOPICAL TERM
Topical term or geographic name as entry element English language
General subdivision Etymology.
9 (RLIN) 12837
650 #0 - SUBJECT ADDED ENTRY--TOPICAL TERM
Topical term or geographic name as entry element English language
General subdivision History.
9 (RLIN) 40573
700 1# - ADDED ENTRY--PERSONAL NAME
Personal name Laird, Charlton Grant,
Dates associated with a name 1901-
Relator term joint author.
9 (RLIN) 45995
906 ## - LOCAL DATA ELEMENT F, LDF (RLIN)
a 7
b cbc
c orignew
d u
e ocip
f 19
g y-gencatlg
942 ## - ADDED ENTRY ELEMENTS (KOHA)
Source of classification or shelving scheme Library of Congress Classification
Koha item type Monograph ( Printed materials)
Holdings
Withdrawn status Lost status Source of classification or shelving scheme Damaged status Not for loan Collection code Home library Current library Shelving location Date acquired Total Checkouts Full call number Barcode Date last seen Price effective from Koha item type
    Library of Congress Classification     Main Collection ARRUPE LIBRARY ARRUPE LIBRARY Main Collection 25/04/2019   PE1585 .L3 46600004593 25/04/2019 25/04/2019 Monograph ( Printed materials)

 

Arrupe Library. PO Box MP320 Mt Pleasant, Harare, Zimbabwe
263 242 745411|librarian@aju.ac.zw